| 000 | 00780cam a2200241 4500 | ||
|---|---|---|---|
| 008 | 090401t1996 xxu||||| |||| 00| 0 eng d | ||
| 020 | _a0952070413 | ||
| 035 | _a(Sirsi) u28710 | ||
| 041 | _aeng | ||
| 050 | _a692.2 | ||
| 110 |
_aPyramus and Thisbe Club _93069 |
||
| 245 | 4 | _aThe Party Wall Act explained : a commentary on the Party Wall etc. Act 1996. | |
| 260 |
_aLondon _bPyramus and Thisbe Club _c1996 |
||
| 300 | _a151p. ; 21cm. | ||
| 350 | _a15 | ||
| 520 | _aReprints the act in full with interpretation and comment for each clause. Includes an appendix with specimen forms and notices. | ||
| 650 | _aPARTY WALL ACT 1996 | ||
| 650 |
_aParty walls _96258 |
||
| 690 | _aBUILT ENVIRONMENT | ||
| 700 |
_aAnstey, John _xEditor |
||
| 942 | _n0 | ||
| 948 | _c04/03/1997 | ||
| 999 |
_c89328 _d89328 |
||